Astronomy (Record no. 14966)

MARC details
000 -LEADER
fixed length control field 00632nam a2200241Ia 4500
003 - CONTROL NUMBER IDENTIFIER
control field IN-BaIIA
008 - FIXED-LENGTH DATA ELEMENTS--GENERAL INFORMATION
fixed length control field 211028s9999 xx 000 0 eng d
020 ## - INTERNATIONAL STANDARD BOOK NUMBER
International Standard Book Number 0- 85274 -082-4
040 ## - CATALOGING SOURCE
Transcribing agency IIA Library
080 ## - UNIVERSAL DECIMAL CLASSIFICATION NUMBER
Universal Decimal Classification number 52
Item number ROY
100 ## - MAIN ENTRY--PERSONAL NAME
Personal name Roy, A. E
9 (RLIN) 9627
245 #0 - TITLE STATEMENT
Title Astronomy
Remainder of title structure of the universe
Statement of responsibility, etc. A. E. Roy and D. Clarke
250 ## - EDITION STATEMENT
Edition statement 3rd ed.
260 ## - PUBLICATION, DISTRIBUTION, ETC.
Place of publication, distribution, etc. Bristol
Name of publisher, distributor, etc. Adam Hilger
Date of publication, distribution, etc. 1989
300 ## - PHYSICAL DESCRIPTION
Extent xiii, 299p.
650 ## - SUBJECT ADDED ENTRY--TOPICAL TERM
Topical term or geographic name entry element Eclipses
9 (RLIN) 909
650 ## - SUBJECT ADDED ENTRY--TOPICAL TERM
Topical term or geographic name entry element Nebulae
9 (RLIN) 976
650 ## - SUBJECT ADDED ENTRY--TOPICAL TERM
Topical term or geographic name entry element Solar system
650 ## - SUBJECT ADDED ENTRY--TOPICAL TERM
Topical term or geographic name entry element Stellar atmospheres
9 (RLIN) 1135
650 ## - SUBJECT ADDED ENTRY--TOPICAL TERM
Topical term or geographic name entry element Stellar motions
700 ## - ADDED ENTRY--PERSONAL NAME
Personal name Clarke, D
9 (RLIN) 9628
942 ## - ADDED ENTRY ELEMENTS (KOHA)
Koha item type Books
Holdings
Withdrawn status Lost status Damaged status Not for loan Home library Current library Shelving location Date acquired Source of acquisition Cost, normal purchase price Total Checkouts Full call number Barcode Date last seen Cost, replacement price Price effective from Koha item type Purchase Price
        IIA Library-Bangalore IIA Library-Bangalore General Stacks 19/03/2003 EDS 6038.76   52/ ROY 15888 05/11/2021 6038.76 19/03/2003 Books Rs. 6038.76

Powered by Koha